Cities of Hampton Roads - Statistics

General Stats
  • This quiz has been taken 51 times
  • The average score is 8 of 10
Answer Stats
Hint Answer % Correct
244,076 Norfolk
100%
450,189 Virginia Beach
100%
134,313 Hampton
97%
242,634 Chesapeake
95%
178,626 Newport News
95%
94,632 Portsmouth
86%
91,185 Suffolk
84%
14,896 Williamsburg
59%
12,190 Poquoson
41%
8,013 Franklin
35%
No matching quizzes found
Score Distribution
Percent of People with Each Score
Percentile by Number Answered
Your Score History
You have not taken this quiz